000 02342cam a2200301 4500
001 6960
020 _a0415025176
020 _a0415025184 (pbk.)
082 0 0 _a302.2/34
_219
100 _aBennet, Tony.
_b
_c
_d
_e
_q
245 0 0 _aPopular fiction :
_btechnology, ideology, production, reading /
_cedited by Tony Bennett.
260 _aLondon ;
_aNew York :
_bRoutledge,
_c1990.
300 _axix, 486 p. :
_bill. ;
_c22 cm.
440 0 _aPopular fictions series
500 _aIncludes index.
504 _aBibliography: p. [461]-474.
505 _aCONTENTS: Series editor's preface -- Preface -- Acknowledgement -- Popular fictions and cultural technologies -- Introduction -- The technology and the society -- On screen, in frame: film and ideology -- Broadcast TV as cultural form -- 'While Millicent bucked and writhed...' -- Fictioning the nation -- Introduction --Apprehensions of time -- The language of detection -- Scotland and Cinema: the inquiry of the fathers -- Representing the nation -- Pleasure, gender, sexuality: feminist reappraisals -- Introduction -- Afterthoughts on 'visual pleasure and narrative cinema' -- Women in film noir -- Sexual disguise and cinema -- The search for tomorrow in today's soap operas -- Knowledge, power, ideology: detective fiction -- Introduction -- From the flaneur to the detective: interpreting the city of poe -- Clues -- Morelli, Freud and Sherlock Holmes: clues and scientific method -- Deconstructing the text: Sherlock Holmes -- Production -- Introduction -- Send-up: authorship and organization -- The making of (the) MTM (show) -- Made in Ealing -- Out of what past? Notes on the B film noir -- Reading -- Introduction -- The operational aesthetic -- Peter Pan and the commercialization of the child -- Figures of bond -- Television and gender -- Bibliography -- Index.
_g
_r
_t
520 _aThis book should be of interest to students and lecturers of cultural studies and literary studies.
650 0 _aCulture in motion pictures.
650 0 _aEnglish fiction
_xHistory and criticism.
650 0 _aMass media.
650 0 _aMotion pictures.
650 0 _aPopular culture.
650 0 _aPopular literature
_xHistory and criticism.
650 0 _aTelevision broadcasting.
700 1 _aBennett, Tony,
_d1947-
999 _c5896
_d5896